000 00611nam a2200217Ia 4500
005 20241129110949.0
008 241129s9999||||xx |||||||||||||| ||und||
020 _a978-1-4744-6676-9
037 _aTB
040 _aCRL
_beng
_cCRL
041 _aeng
_2eng
084 _aO28,3:g 111R2
_qCRL
100 _aAghacy Samira Au.
_9722976
245 0 _aAgeing in the modern Arabic novel
_cAghacy Samira Au.
260 _aEdinburgh, UK
_buniversity press
_c2022
300 _avii,186p.
365 _aUKP
_b19.99
650 _aArabic Poetry
942 _cTB
_hO28,3:g 111R2
999 _c1228304
_d1228304